000 00333nam a2200121Ia 4500
008 240731s9999 xx 000 0 und d
022 _a1543-4591
245 0 _aStress, Trauma, and Crisis : An International Journal
260 _bTaylor & Francis
856 _uhttps://www.tandfonline.com/loi/gcit20
942 _2ddc
942 _cTFEJ
999 _c79567
_d79567
945 _a1
_bMadushi Gamage
_c1
_dMadushi Gamage